The Subway Chappell Roan - Statistics

General Stats
  • This quiz has been taken 41 times
  • The average score is 192 of 223
Answer Stats
Answer % Correct
a
100%
subway
100%
the
100%
you
100%
your
100%
i
97%
I
97%
just
97%
on
97%
to
97%
another
94%
day
94%
i'm
94%
im
94%
it
94%
and
91%
its
91%
made
91%
never
91%
not
91%
of
91%
over
91%
til
91%
we
91%
youre
91%
feeling
88%
for
88%
girl
88%
got
88%
green
88%
had
88%
movin'
88%
perfume
88%
saw
88%
she's
88%
shes
88%
way
88%
well
88%
away
85%
city
85%
down
85%
fuck
85%
gone
85%
this
85%
almost
82%
break
82%
breakdown
82%
if
82%
in
82%
leave
82%
months
82%
moving
82%
nearly
82%
promise
82%
that
82%
all
79%
counting
79%
evil
79%
four
79%
hair
79%
killed
79%
me
79%
see
79%
somebody
79%
villain
79%
with
79%
wore
79%
ain't
76%
few
76%
later
76%
mouth
76%
next
76%
room
76%
weeks
76%
days
73%
even
73%
lights
73%
shadow
73%
still
73%
beauty
67%
dont
67%
look
67%
mark
67%
myself
67%
wish
67%
wont
67%
off
64%
soulmates
64%
there
64%
name
58%
Saskatchewan
58%
staircase
58%
thought
58%
trust
58%
say
55%
were
55%
foreplay
52%
oh
52%
can
45%
during
42%
yeah
42%
routine
39%
i'll
18%
No matching quizzes found
Score Distribution
Percent of People with Each Score
Percentile by Number Answered
Your Score History
You have not taken this quiz